[Event "Brasschaat op 05th"]
[Site "Brasschaat"]
[Date "2005.08.20"]
[Round "1"]
[White "Cankja, Ylli"]
[Black "Van Weersel, Arlette"]
[Result "0-1"]
[WhiteElo "1709"]
[BlackElo "2173"]
[PlyCount "78"]
[EventDate "2005.08.20"]
[EventType "swiss"]
[EventRounds "9"]
[EventCountry "BEL"]
[SourceTitle "CBM 108 Extra"]
[Source "ChessBase"]
[SourceDate "2005.11.04"]
[SourceVersion "1"]
[SourceVersionDate "2005.11.04"]
[SourceQuality "1"]

1. d4 Nf6 2. c4 g6 3. Nc3 d5 4. Nf3 Bg7 5. e3 0-0 6. cxd5 Nxd5 7. Bc4 Nxc3 8. bxc3 c5 9. 0-0 Qc7 10. Qb3 Nc6 11. Be2 Na5 12. Qc2 cxd4 13. exd4 Be6 14. Bd2 Rac8 15. h3 Rfd8 16. Qb2 Bc4 17. Be1 Rd6 18. Rc1 Rb6 19. Qc2 Qd6 20. Bxc4 Nxc4 21. Bd2 Rb2 22. Qd3 Rxa2 23. Ra1 Qa6 24. Rxa2 Qxa2 25. Rc1 a5 26. Bf4 Qa4 27. Qe4 Qd7 28. Ne5 Bxe5 29. Bxe5 a4 30. Bf4 Rc6 31. d5 Rc5 32. Rd1 Nd6 33. Qd4 Rc4 34. Qd2 Ne4 35. Qe2 b5 36. Bh6 Nxc3 37. Qe5 f6 38. Qe6+ Qxe6 39. dxe6 Nxd1 0-1